[Event "Biel HTO 56th"]
[Site "Biel"]
[Date "2023.07.21"]
[Round "5"]
[White "Shlyakhtenko, Robert"]
[Black "Nie, Xinyang"]
[Result "1/2-1/2"]
[WhiteElo "2401"]
[BlackElo "2288"]
[PlyCount "89"]
[EventDate "2023.07.17"]
[EventType "swiss"]
[EventRounds "10"]
[EventCountry "SUI"]
[SourceTitle "CBM 215 Extra"]
[Source "ChessBase"]
[SourceDate "2023.09.30"]
[SourceVersion "1"]
[SourceVersionDate "2023.09.30"]
[SourceQuality "1"]

1. Nf3 d5 2. g3 g6 3. Bg2 Bg7 4. 0-0 e5 5. d3 Ne7 6. c4 c6 7. cxd5 cxd5 8. Nc3 Nbc6 9. e4 0-0 10. Re1 d4 11. Nd5 Be6 12. Ng5 Bxd5 13. exd5 Nxd5 14. Qb3 Nb6 15. Bd2 Bf6 16. h4 Rc8 17. Rac1 Rc7 18. Be4 Nc8 19. Kg2 Nd6 20. Bd5 Re8 21. Rc5 Qd7 22. Qc2 Rec8 23. Rc1 Bd8 24. Qa4 Qf5 25. Ne4 Nxe4 26. Bxe4 Qe6 27. Bd5 Qd6 28. Bf3 h5 29. b4 a6 30. b5 axb5 31. Qxb5 Be7 32. a4 Kg7 33. R5c2 Qe6 34. Bd5 Qf5 35. Be4 Qe6 36. Bd5 Qf5 37. Qb3 Bd8 38. Be4 Qf6 39. Bf3 Ra8 40. Rc5 Qe7 41. Rb5 Ra7 42. Re1 Qd6 43. Rd5 Qe6 44. Qb5 Re7 45. Re2 1/2-1/2

[Event "Biel HTO 56th"]
[Site "Biel"]
[Date "2023.07.20"]
[Round "4"]
[White "Nie, Xinyang"]
[Black "Malli, Suvirr"]
[Result "1-0"]
[WhiteElo "2288"]
[BlackElo "2094"]
[PlyCount "132"]
[EventDate "2023.07.17"]
[EventType "swiss"]
[EventRounds "10"]
[EventCountry "SUI"]
[SourceTitle "CBM 215 Extra"]
[Source "ChessBase"]
[SourceDate "2023.09.30"]
[SourceVersion "1"]
[SourceVersionDate "2023.09.30"]
[SourceQuality "1"]

1. d4 d5 2. c4 c6 3. e3 Nf6 4. Qc2 e6 5. Nf3 Nbd7 6. b3 Bd6 7. Bb2 0-0 8. Bd3 Qe7 9. Ne5 h6 10. f4 Bb4+ 11. Nc3 Nxe5 12. dxe5 Nd7 13. a3 Bc5 14. Qe2 Bb6 15. 0-0-0 a5 16. h4 Bc5 17. Nb1 dxc4 18. bxc4 Rb8 19. g4 b5 20. cxb5 cxb5 21. g5 Bb7 22. gxh6 g6 23. h5 Rbc8 24. Kd2 Rfd8 25. hxg6 fxg6 26. Rh3 Nf8 27. Ke1 b4 28. a4 Kh7 29. Nd2 Bc6 30. Ne4 Bxe4 31. Bxe4 Rxd1+ 32. Qxd1 Rd8 33. Qb3 Qd7 34. Bc1 Qc7 35. Bd2 Qd7 36. Rh2 Ba7 37. Bc1 Rc8 38. Bd2 Bb6 39. Ke2 Ba7 40. Kf3 Bb8 41. Qa2 Qf7 42. Ke2 Qd7 43. Rh1 Ba7 44. Qb3 Rd8 45. Qd3 Qc7 46. Qc2 Qd7 47. Rg1 b3 48. Qd3 Qe7 49. Qxb3 Qh4 50. Bxa5 Rd7 51. Bb4 Qh2+ 52. Rg2 Qh5+ 53. Bf3 Qf5 54. Bd6 Rd8 55. Qb7+ Rd7 56. Qe4 Rf7 57. Qxf5 Rxf5 58. Be4 Rf7 59. Bxf8 Rxf8 60. Rxg6 Kh8 61. Rxe6 Rb8 62. Kf3 Bc5 63. a5 Kg8 64. h7+ Kg7 65. a6 Rb3 66. Rg6+ Kh8 1-0

[Event "Biel HTO 56th"]
[Site "Biel"]
[Date "2023.07.18"]
[Round "2"]
[White "Nie, Xinyang"]
[Black "Rathanvel, VS."]
[Result "1/2-1/2"]
[WhiteElo "2288"]
[BlackElo "2463"]
[PlyCount "43"]
[EventDate "2023.07.17"]
[EventType "swiss"]
[EventRounds "10"]
[EventCountry "SUI"]
[SourceTitle "CBM 215 Extra"]
[Source "ChessBase"]
[SourceDate "2023.09.30"]
[SourceVersion "1"]
[SourceVersionDate "2023.09.30"]
[SourceQuality "1"]

1. d4 Nf6 2. c4 e6 3. Nc3 Bb4 4. e3 0-0 5. Bd3 d5 6. Nge2 dxc4 7. Bxc4 c5 8. 0-0 cxd4 9. exd4 Nc6 10. Bg5 h6 11. Bh4 Be7 12. a3 Nh5 13. Bxe7 Nxe7 14. d5 exd5 15. Nxd5 Be6 16. Nec3 Nxd5 17. Bxd5 Bxd5 18. Qxd5 Qxd5 19. Nxd5 Rfd8 20. Rfd1 Rd7 21. Nc3 Rad8 22. Rxd7 1/2-1/2

[Event "CHN-chT DivA"]
[Site "Fuling"]
[Date "2023.06.13"]
[Round "8.1"]
[White "Nie, Xinyang"]
[Black "Li, Chao B"]
[Result "1/2-1/2"]
[WhiteElo "2222"]
[BlackElo "2658"]
[PlyCount "81"]
[EventDate "2023.06.05"]
[EventType "team-tourn"]
[EventRounds "11"]
[EventCountry "CHN"]
[SourceTitle "CBM 214 Extra"]
[Source "ChessBase"]
[SourceDate "2023.07.31"]
[SourceVersion "1"]
[SourceVersionDate "2023.07.31"]
[SourceQuality "1"]
[WhiteTeam "Chongqing Jiulongpo"]
[BlackTeam "Beijing"]
[WhiteTeamCountry "CHN"]
[BlackTeamCountry "CHN"]

1. d4 Nf6 2. c4 g6 3. Nc3 d5 4. cxd5 Nxd5 5. e4 Nxc3 6. bxc3 Bg7 7. Nf3 c5 8. Bb5+ Nc6 9. 0-0 0-0 10. Bxc6 bxc6 11. Qc2 Qa5 12. a4 Ba6 13. Rd1 cxd4 14. cxd4 c5 15. Bd2 Qd8 16. Bc3 cxd4 17. Bxd4 Qc8 18. Qd2 Rd8 19. Qe3 Bxd4 20. Rxd4 Rxd4 21. Qxd4 Qc7 22. Qe3 Rd8 23. Rc1 Be2 24. a5 Bxf3 25. gxf3 Qxa5 26. Kg2 Ra8 27. Rc5 Qb4 28. Qg5 e6 29. Rb5 Qd4 30. Qe7 a5 31. e5 Qd2 32. h4 Qd3 33. Rc5 a4 34. Qb7 Qd8 35. Rc7 Qd5 36. Qb4 Qd8 37. Qb7 Qd5 38. Qb4 h5 39. Qf4 Rf8 40. Ra7 Qc5 41. Rxa4 1/2-1/2

[Event "CHN-chT DivA"]
[Site "Fuling"]
[Date "2023.06.08"]
[Round "4.1"]
[White "Nie, Xinyang"]
[Black "Zhu, Hengyi"]
[Result "1/2-1/2"]
[WhiteElo "2222"]
[BlackElo "2247"]
[PlyCount "68"]
[EventDate "2023.06.05"]
[EventType "team-tourn"]
[EventRounds "11"]
[EventCountry "CHN"]
[SourceTitle "CBM 214 Extra"]
[Source "ChessBase"]
[SourceDate "2023.07.31"]
[SourceVersion "1"]
[SourceVersionDate "2023.07.31"]
[SourceQuality "1"]
[WhiteTeam "Chongqing Jiulongpo"]
[BlackTeam "Hangzhou"]
[WhiteTeamCountry "CHN"]
[BlackTeamCountry "CHN"]

1. d4 Nf6 2. Nf3 e6 3. Bf4 d5 4. Nbd2 c5 5. e3 Qb6 6. Rb1 Bd6 7. dxc5 Qxc5 8. b4 Qc7 9. Bxd6 Qxd6 10. c4 0-0 11. Qb3 b6 12. cxd5 Qxd5 13. Bc4 Qd6 14. 0-0 Bb7 15. Rfd1 Nbd7 16. Qb2 Rfd8 17. Be2 Qe7 18. Rbc1 Rac8 19. a3 Nf8 20. Nd4 Ng6 21. Bf3 Nh4 22. Bxb7 Qxb7 23. N2f3 Nxf3+ 24. Nxf3 h6 25. Rxd8+ Rxd8 26. h3 Rc8 27. Nd4 Ne4 28. Rc2 Nd6 29. Qc1 Rxc2 30. Qxc2 Qd7 31. a4 a6 32. f4 Nf5 33. Nxf5 exf5 34. Kf2 g6 1/2-1/2

[Event "CHN-chT DivA"]
[Site "Fuling"]
[Date "2023.06.07"]
[Round "3.1"]
[White "Xu, Xiangyu"]
[Black "Nie, Xinyang"]
[Result "1/2-1/2"]
[WhiteElo "2603"]
[BlackElo "2222"]
[PlyCount "92"]
[EventDate "2023.06.05"]
[EventType "team-tourn"]
[EventRounds "11"]
[EventCountry "CHN"]
[SourceTitle "CBM 214 Extra"]
[Source "ChessBase"]
[SourceDate "2023.07.31"]
[SourceVersion "1"]
[SourceVersionDate "2023.07.31"]
[SourceQuality "1"]
[WhiteTeam "Chengdu"]
[BlackTeam "Chongqing Jiulongpo"]
[WhiteTeamCountry "CHN"]
[BlackTeamCountry "CHN"]

1. d4 d5 2. Nf3 Nf6 3. c4 c6 4. Qc2 e6 5. g3 Be7 6. Bg2 b6 7. 0-0 0-0 8. Rd1 Bb7 9. Nbd2 Nbd7 10. e4 Nxe4 11. Nxe4 dxe4 12. Qxe4 Qc8 13. Ne5 Nxe5 14. dxe5 Rb8 15. Qg4 Rd8 16. Bh6 Bf8 17. Bg5 Rxd1+ 18. Rxd1 c5 19. h4 Bxg2 20. Kxg2 Qb7+ 21. Qf3 h6 22. Bd8 b5 23. b3 bxc4 24. bxc4 Qxf3+ 25. Kxf3 Rb4 26. Rd7 Rxc4 27. Rxa7 Rc3+ 28. Ke4 c4 29. Bb6 Bb4 30. Ra8+ Kh7 31. Ra4 Bf8 32. h5 Rc2 33. Be3 g6 34. Ra7 Kg7 35. g4 gxh5 36. gxh5 Bb4 37. a4 Be1 38. f4 Ra2 39. f5 exf5+ 40. Kd5 c3 41. e6 Rd2+ 42. Bd4+ Kf8 43. Ra8+ Ke7 44. Ra7+ Kf8 45. Ra8+ Ke7 46. Ra7+ Kf8 1/2-1/2

[Event "CHN-chT"]
[Site "Hangzhou"]
[Date "2023.05.27"]
[Round "9.4"]
[White "Zhu, Hengyi"]
[Black "Nie, Xinyang"]
[Result "1/2-1/2"]
[WhiteElo "2245"]
[BlackElo "2248"]
[PlyCount "77"]
[EventDate "2023.05.19"]
[EventType "team-swiss"]
[EventRounds "9"]
[EventCountry "CHN"]
[SourceTitle "CBM 214 Extra"]
[Source "ChessBase"]
[SourceDate "2023.07.31"]
[SourceVersion "1"]
[SourceVersionDate "2023.07.31"]
[SourceQuality "1"]
[WhiteTeam "Hangzhou"]
[BlackTeam "Chongqing"]
[WhiteTeamCountry "CHN"]
[BlackTeamCountry "CHN"]

1. e4 e5 2. Nf3 Nf6 3. Nxe5 d6 4. Nf3 Nxe4 5. Nc3 Nxc3 6. dxc3 Be7 7. Be3 Nc6 8. Qd2 Be6 9. 0-0-0 Qd7 10. Kb1 Bf6 11. h4 h5 12. Nd4 Nxd4 13. Bxd4 Rh6 14. Bxf6 Rxf6 15. Qg5 Rxf2 16. Bb5 c6 17. Qg3 Rf5 18. Rxd6 Qe7 19. Bd3 Rf6 20. Re1 Kf8 21. b3 Re8 22. Bc4 Kg8 23. Bxe6 fxe6 24. Qe5 Qf7 25. Kb2 a6 26. g3 Rf5 27. Qe4 Rf3 28. Re3 Rxe3 29. Qxe3 Re7 30. Rd8+ Kh7 31. Qe5 Qf5 32. Qb8 e5 33. Rh8+ Kg6 34. Qg8 Qf7 35. Qh7+ Kf6 36. Qe4 Re8 37. Qf3+ Ke6 38. Rxe8+ Qxe8 39. g4 1/2-1/2

[Event "CHN-ch sf"]
[Site "Hefei"]
[Date "2023.04.26"]
[Round "8"]
[White "Nie, Xinyang"]
[Black "Yang, Bokai"]
[Result "1-0"]
[WhiteElo "2312"]
[BlackElo "1862"]
[PlyCount "117"]
[EventDate "2023.04.23"]
[EventType "swiss"]
[EventRounds "11"]
[EventCountry "CHN"]
[SourceTitle "CBM 214 Extra"]
[Source "ChessBase"]
[SourceDate "2023.07.31"]
[SourceVersion "1"]
[SourceVersionDate "2023.07.31"]
[SourceQuality "1"]

1. d4 d5 2. Nf3 Nf6 3. Bf4 e6 4. Nbd2 Be7 5. h3 b6 6. e3 Bb7 7. c3 Nbd7 8. Bd3 Ne4 9. Qc2 Ndf6 10. Ne5 Nxd2 11. Bb5+ Kf8 12. Qxd2 a6 13. Bd3 Ne4 14. Qc2 f6 15. Nf3 Bd6 16. 0-0 Qe7 17. Bxd6 cxd6 18. Qb3 Qd8 19. Rfc1 Kf7 20. a4 Rc8 21. Qd1 Qc7 22. Qe2 a5 23. b3 Qe7 24. c4 Rc7 25. Rc2 Rhc8 26. Rac1 g6 27. Bxe4 dxe4 28. Nd2 f5 29. Nb1 Kg7 30. Nc3 Bc6 31. Qd2 Be8 32. Ne2 h6 33. Ng3 Kh7 34. Kh2 Qg7 35. c5 dxc5 36. dxc5 Rxc5 37. Rxc5 Rxc5 38. Rxc5 bxc5 39. Qxa5 Qe7 40. Qb6 c4 41. bxc4 Bxa4 42. Ne2 Qe8 43. Nd4 Bd7 44. c5 e5 45. c6 Bc8 46. Nb5 Qf8 47. Na7 Be6 48. c7 Bd7 49. Qb8 Qc5 50. Qd8 Be6 51. c8Q Bxc8 52. Nxc8 Qc4 53. Qe7+ Kg8 54. Nd6 Qa2 55. Qe8+ Kg7 56. Qxe5+ Kg8 57. Qe8+ Kg7 58. Qe7+ Kg8 59. Ne8 1-0

[Event "China zt 3.5"]
[Site "Shenzhen"]
[Date "2023.04.06"]
[Round "2"]
[White "Nie, Xinyang"]
[Black "Zhu, Hengyi"]
[Result "0-1"]
[WhiteElo "2312"]
[BlackElo "2227"]
[PlyCount "58"]
[EventDate "2023.04.05"]
[EventType "swiss"]
[EventRounds "9"]
[EventCountry "CHN"]
[SourceTitle "CBM 213 Extra"]
[Source "ChessBase"]
[SourceDate "2023.05.31"]
[SourceVersion "1"]
[SourceVersionDate "2023.05.31"]
[SourceQuality "1"]

1. e4 e6 2. d4 d5 3. Nc3 Nf6 4. Bg5 dxe4 5. Nxe4 Nbd7 6. Nf3 h6 7. Bxf6 Nxf6 8. Bd3 Nxe4 9. Bxe4 c5 10. Qe2 Qa5+ 11. c3 cxd4 12. Nxd4 Be7 13. 0-0-0 Bd7 14. Bxb7 Rb8 15. Qa6 Qc7 16. Bc6 Rb6 17. Bxd7+ Qxd7 18. Qe2 Qb7 19. f3 0-0 20. Nb3 Rb8 21. Qe4 Qc7 22. Kb1 Bf6 23. f4 Rc6 24. Qf3 Rc4 25. g3 a5 26. Kc2 a4 27. Ra1 Qb6 28. Kd3 axb3 29. Kxc4 Qb5# 0-1

[Event "CHN-chT"]
[Site "Nanjing"]
[Date "2023.02.18"]
[Round "5.4"]
[White "Chen, Hongsen"]
[Black "Nie, Xinyang"]
[Result "0-1"]
[WhiteElo "1862"]
[BlackElo "2360"]
[PlyCount "152"]
[EventDate "2023.02.14"]
[EventType "team-swiss"]
[EventRounds "9"]
[EventCountry "CHN"]
[SourceTitle "CBM 212 Extra"]
[Source "ChessBase"]
[SourceDate "2023.03.31"]
[SourceVersion "1"]
[SourceVersionDate "2023.03.31"]
[SourceQuality "1"]
[WhiteTeam "Jiangsu"]
[BlackTeam "Chongqing"]
[WhiteTeamCountry "CHN"]
[BlackTeamCountry "CHN"]

1. d4 Nf6 2. c4 e6 3. Nf3 d5 4. g3 Bb4+ 5. Bd2 a5 6. Bg2 0-0 7. 0-0 dxc4 8. Qc2 b5 9. a4 c6 10. axb5 Bxd2 11. Nfxd2 Qxd4 12. Qxc4 Qxb2 13. Ra2 Qe5 14. bxc6 Nd5 15. Nf3 Qd6 16. Rc1 Nxc6 17. Qxc6 Qxc6 18. Rxc6 Nb4 19. Rcc2 Bb7 20. Nd4 Bxg2 21. Kxg2 e5 22. Nc6 Nxc2 23. Rxc2 Rfe8 24. Na3 Kf8 25. Nc4 f6 26. N4xa5 Rec8 27. Rc4 Ra6 28. f4 exf4 29. gxf4 Ke8 30. e4 Kd7 31. Rd4+ Kc7 32. Rc4 Kd7 33. Rd4+ Kc7 34. Ne7 Rb8 35. Nd5+ Kd7 36. Nc4 Kc6 37. Nce3 Ra2+ 38. Kg3 Ra3 39. e5 fxe5 40. fxe5 Re8 41. Kf4 Ra7 42. Rc4+ Kd7 43. Nb6+ Ke6 44. Rc6+ Kf7 45. Ned5 Re6 46. Rc2 Kg6 47. Nc4 Kh5 48. Nd6 Rg6 49. Kf5 Rg5+ 50. Ke4 Ra4+ 51. Nc4 Rg4+ 52. Kd3 Ra6 53. Re2 Re6 54. Rf2 Rxc4 55. Kxc4 Rxe5 56. Kd4 Re8 57. Rf7 Kg6 58. Ra7 Re1 59. Ra3 h5 60. Re3 Rh1 61. Re2 Kf5 62. Ke3 Rd1 63. Nf4 h4 64. Rf2 g5 65. Nd3+ Kg6 66. Ne5+ Kh5 67. Rf8 Kh6 68. Rf6+ Kh5 69. Rf8 Re1+ 70. Kd4 Kh6 71. Kd5 Re2 72. Ke6 Kg7 73. Rf7+ Kg8 74. Rd7 Rxh2 75. Kf6 Rf2+ 76. Kg6 Kf8 0-1

[Event "CHN-chT Div-A"]
[Site "Fuling"]
[Date "2022.09.11"]
[Round "5.6"]
[White "Nie, Xinyang"]
[Black "Xiao, Tong"]
[Result "1/2-1/2"]
[WhiteElo "2388"]
[BlackElo "2027"]
[PlyCount "63"]
[EventDate "2022.09.06"]
[EventType "team-tourn"]
[EventRounds "11"]
[EventCountry "CHN"]
[SourceTitle "CBM 210 Extra"]
[Source "ChessBase"]
[SourceDate "2022.11.30"]
[SourceVersion "1"]
[SourceVersionDate "2022.11.30"]
[SourceQuality "1"]
[WhiteTeam "Chongqing Jiulongpo"]
[BlackTeam "Hangzhou Zhenjiang"]
[WhiteTeamCountry "CHN"]
[BlackTeamCountry "CHN"]

1. d4 Nf6 2. c4 e6 3. Nf3 Bb4+ 4. Bd2 c5 5. e3 0-0 6. Bd3 b6 7. 0-0 Bb7 8. Bxb4 cxb4 9. Nbd2 d6 10. Qc2 Qe7 11. Ne4 Nbd7 12. Nfd2 Rfc8 13. Nxf6+ Nxf6 14. Qb3 d5 15. Rfc1 dxc4 16. Bxc4 Rc7 17. Be2 a5 18. Bf3 Bxf3 19. Nxf3 Rac8 20. Qd1 Ne4 21. Ne5 Nd6 22. Nd3 Nc4 23. Rc2 g6 24. Rac1 h5 25. Qe2 a4 26. h3 b3 27. axb3 axb3 28. Rc3 e5 29. d5 e4 30. Nf4 Nd6 31. Rc6 Qd7 32. Qd1 1/2-1/2